000 00468nam a2200181Ia 4500
001 3565
005 20260306145652.0
008 260306t2004||||xx |||||||||||||| ||spa||
041 _aESP
082 _a289.5
_bS717
100 _aSatre Garcia, Jesús
_eAUT
245 0 _aRepensar el voluntariado social:
_bDesde la doctrina social de la iglesia
260 _c2004
300 _a402 páginas :
_c21 cm.
650 _aGEN
654 _aCHU
942 _cLIB
_dJUS
_fJUS
_2ddc
_n
999 _c3565
_d3565